000 00236nam a2200109Ia 4500
008 190216s9999||||xx |||||||||||||| ||und||
100 _aMoon A R
245 0 _aEvery Ones English
260 _bLongmans
650 _aEnglish
942 _cBK
999 _c12875
_d12875